000 00527nam a22001937a 4500
005 20260515114924.0
008 220623b ||||| |||| 00| 0 eng d
020 _a9788173099977
040 _aIN-DiNC
_cIN-DiNC
041 _dhin
082 _a891.43
_bPAL
100 _aPaliwal, Krishna Dutt
_eauthor
245 _aDalit sahitya vimarsh/
_cby Krishna Dutt Paliwal
250 _a1st ed.
260 _aNew Delhi:
_bSasta sahitya mandal prakashan,
_c2018
300 _a147p.
650 _aDalit literature
942 _2ddc
_cBK
999 _c11329
_d11329